000 00547cam a22001457a 4500
999 _c507680
_d507680
008 180718b-- xxu||||| |||| 00| 0 eng d
082 _aL906x54221 C/C
245 _aReport of the Comptroller and Auditor General of India, Chhattisgarh (General, social and economic sectors)
260 _aRaipur
_bComptroller and Auditor General of India
_c--
300 _av.p.
500 _aLibrary has 2010/11,2016-17
650 _aAuditing - India - Chhattisgarh
_92228
700 _aChhattisgarh. Comptroller and Auditor General of India
_92229
942 _2ddc